LEADER 01060nam1 2200373 450 001 990000509720203316 035 $a0050972 035 $aUSA010050972 035 $a(ALEPH)000050972USA01 035 $a0050972 100 $a20010614d1982----km-y0itay0103----ba 101 $aita 102 $aIT 105 $a||||||||001yy 200 1 $a<> uomini dellla fraternità$enuova storia del cristianesimo$fMichel Clèvenot 210 $aRoma$cBorla$d1982 215 $av,$d21 cm 312 $aLes hommes de la fraternitè 410 $12001 454 $12001$aLes hommes de la fraternitè$930265 461 1$1001-------$12001 606 0 $aCristianesimo$xStoria 676 $a270 700 1$aCLEVENOT,$bMichel$0397231 801 0$aIT$bsalbc$gISBD 912 $a990000509720203316 951 $aXVI 356$bLM$cXVI 959 $aBK 969 $aUMA 979 $aPATTY$b90$c20010614$lUSA01$h1324 979 $c20020403$lUSA01$h1700 979 $aPATRY$b90$c20040406$lUSA01$h1635 996 $aLes hommes de la fraternitè$930265 997 $aUNISA LEADER 01069nam a2200277 i 4500 001 991001760849707536 005 20020503153313.0 008 001103s1961 it ||| | ita 035 $ab10269010-39ule_inst 035 $aEXGIL91049$9ExL 040 $aBiblioteca Interfacoltà$bita 082 0 $a804 100 1 $aPagliaro, Antonino$0156430 245 10$aAltri saggi di critica semantica /$cAntonino Pagliaro 260 $aMessina ; Firenze :$bD'Anna,$c1961 300 $aVIII, 474 p. ;$c22 cm. 490 0 $aBiblioteca di cultura contemporanea ;$v72 650 4$aLetteratura 907 $a.b10269010$b17-02-17$c27-06-02 912 $a991001760849707536 945 $aLE008 FL.M. V G 10$g1$i2008000141752$lle008$o-$pE0.00$q-$rl$s- $t0$u0$v0$w0$x0$y.i14521350$z23-07-07 945 $aLE002 809 PAG 1961.2 945 $aLE002 Filol. I L 41$g1$i2002000465009$lle002$o-$pE0.00$q-$rl$s- $t0$u0$v0$w0$x0$y.i10320362$z27-06-02 996 $aAltri saggi di critica semantica$9138016 997 $aUNISALENTO 998 $ale008$ale002$b01-01-00$cm$da $e-$fita$git $h0$i2 LEADER 02330nam 2200505 450 001 9910154676703321 005 20201017000116.0 010 $a1-77145-209-9 010 $a1-77145-575-6 035 $a(CKB)3790000000058175 035 $a(EBL)3432943 035 $a(OCoLC)919253571 035 $a(CEL)450488 035 $a(OCoLC)921534302 035 $a(CaBNVSL)kck00235922 035 $a(MiAaPQ)EBC3432943 035 $a(MiAaPQ)EBC4841885 035 $a(VaAlCD)20.500.12592/vts7ks 035 $a(EXLCZ)993790000000058175 100 $a20170517h20142014 uy 1 101 0 $aeng 135 $aur|n|---||||| 181 $2rdacontent 182 $2rdamedia 183 $2rdacarrier 200 14$aThe deepest dark /$fJoan Hall Hovey 210 1$a[Alberta, Canada] :$cBooks We Love,$d2014. 210 4$d©2014 215 $a1 online resource (262 p.) 311 $a1-77145-221-8 327 $aPages:1 to 25; Pages:26 to 50; Pages:51 to 75; Pages:76 to 100; Pages:101 to 112 330 $a"Following the deaths of her husband, Corey, and ten year old daughter Ellie in a traffic accident, author Abby Miller sinks ever deeper into depression. She contemplates suicide as a way to be with them, and to end her unrelenting pain. In a last desperate effort to find peace, she drives to Loon Lake where they last vacationed together, wanting to believe they will be waiting for her there. At least in spirit. Barring that, the pills Doctor Gregory gave her to help her sleep, are in her purse. The cabin at Loon Lake was her and Corey's secret hideaway, and not even Abby's sister, Karen, to whom she is close, knows where it is. But someone else does. He is one of three men who have escaped from Pennington prison. They are dangerous predators who will stop at nothing to get what they want - and to keep from going back to prison. Having already committed the worst of crimes, they have nothing to lose."--Publisher's description. 606 $aAuthors$vFiction 606 $aEscaped prisoners$vFiction 615 0$aAuthors 615 0$aEscaped prisoners 676 $aC813/.54 700 $aHovey$b Joan Hall$01367326 801 0$bMiAaPQ 801 1$bMiAaPQ 801 2$bMiAaPQ 906 $aBOOK 912 $a9910154676703321 996 $aThe deepest dark$93391205 997 $aUNINA LEADER 01438nam 2200493 450 001 9910158871603321 005 20230807220928.0 010 $a1-68195-554-7 035 $a(CKB)3890000000006590 035 $a(EBL)4504610 035 $a(OCoLC)950461839 035 $a(SSID)ssj0001683705 035 $a(PQKBManifestationID)16509836 035 $a(PQKBTitleCode)TC0001683705 035 $a(PQKBWorkID)15038309 035 $a(PQKB)11157990 035 $a(MiAaPQ)EBC4504610 035 $a(EXLCZ)993890000000006590 100 $a20160617d2015 uy| 1 101 0 $aeng 135 $aur|n|---||||| 181 $ctxt 182 $cc 183 $acr 200 10$aManalive /$fG.K. Chesterton 210 1$aTustin, California :$cXist Publishing,$d2015. 215 $a1 online resource (124 p.) 225 1 $aXist Classics 300 $aDescription based upon print version of record. 327 $aChapter 1; Chapter 2; Chapter 3; Chapter 4; Chapter 5; Book Club Discussion Guide; Book Club Discussion Questions 410 0$aXist classics. 517 1 $aMan alive 606 $aFalse arrest$vFiction 606 $aAttempted murder$vFiction 615 0$aFalse arrest 615 0$aAttempted murder 700 $aChesterton$b G. K.$0545406 801 0$bMiAaPQ 801 1$bMiAaPQ 801 2$bMiAaPQ 906 $aBOOK 912 $a9910158871603321 996 $aManalive$92689687 997 $aUNINA